Phương pháp dạy học môn tiếng Việt bậc trung học cơ sở
Uloženo v:
| Hlavní autor: | |
|---|---|
| Médium: | Kniha |
| Jazyk: | Undetermined |
| Vydáno: |
H.
Giáo dục
2003
|
| Témata: | |
| Tagy: |
Přidat tag
Žádné tagy, Buďte první, kdo otaguje tento záznam!
|
| Thư viện lưu trữ: | Trung tâm Học liệu Trường Đại học Cần Thơ |
|---|
| LEADER | 00611nam a2200205Ia 4500 | ||
|---|---|---|---|
| 001 | CTU_60076 | ||
| 008 | 210402s9999 xx 000 0 und d | ||
| 020 | |b 13000 | ||
| 082 | |a 495.9220712 | ||
| 082 | |b T559 | ||
| 100 | |a Bùi Tất Tươm | ||
| 245 | 0 | |a Phương pháp dạy học môn tiếng Việt bậc trung học cơ sở | |
| 245 | 0 | |c Bùi Tất Tươm | |
| 260 | |a H. | ||
| 260 | |b Giáo dục | ||
| 260 | |c 2003 | ||
| 650 | |a vietnamese language | ||
| 650 | |x study and teaching ( secondary ) | ||
| 904 | |i Minh | ||
| 980 | |a Trung tâm Học liệu Trường Đại học Cần Thơ | ||